000 00797cab a2200241 4500
001 WB3010-75
008 090401t1994 xxu||||| |||| 00| 0 eng d
035 _a(Sirsi) u83907
041 _aeng
245 _aPI insurance ban
260 _c1994
350 _a0
490 _aBuilding
_v259(7834) 11 March 1994, 9(1)
520 _aTwo insurance companies have slapped a High Court ban on the RICS to stop it setting up a new professional indemnity insurance service for its members during the next three years.
650 _aBAIN CLARKSON
650 _aCT BOWRING
650 _aPROFESSIONAL INDEMNITY INSURANCE
650 _aPROFESSIONAL INDEMNITY INSURANCE
650 _aRICSIS
690 _aMANAGEMENT-BUSINESS MANAGEMENT-PROFESSIONAL PRACTICE
942 _n0
948 _c04/03/1997
999 _c52842
_d52842